| 000 | 00530nam a22001697u 4500 | ||
|---|---|---|---|
| 008 | 130405s1956 xxu||||| |||| 00| 0 spa d | ||
| 041 | _aspa | ||
| 100 | 1 |
_aRaymond, M. _928854 |
|
| 245 | 0 | 0 |
_aUn trapense dice:tú puedes atajar el incendio del mundo _b:Dedicado a los sacerdotes, religiosos y legos _cM. Raymond |
| 250 | _a2ª ed. | ||
| 260 |
_aMadrid-Buenos Aires: _bStudium, _c1956 |
||
| 300 |
_a64 p. _c;17 cm. |
||
| 490 | 0 |
_aTrapense _v4 |
|
| 650 | 0 | 4 |
_aEspiritualidad _xLecturas cristianas _913375 |
| 942 | _cBK | ||
| 001 | 24952 | ||
| 999 |
_c266923 _d266923 |
||